000 00960cab a2200229 4500
001 ##L133979
008 060627n2006 000 0 eng u
035 _a(Sirsi) u133979
041 0 _aeng
100 1 _aPilkington, Lisa
245 0 0 _aFocus
_bBirmingham
260 _c2006
490 0 _aEstates Gazette
_v(0625) 24 June 2006, 163-199(15)
520 _aReports on plans, backed by the council, to build more high-rise buildings; an interview with the local authority's new chief executive on raising the city's international profile; a central retail and leisure development scheme, Martineau Galleries, proposed for 2011; the trend for refurbishment of office space; and the strong industrial and distribution market.
590 _aIKA040706
651 4 _aBIRMINGHAM
690 _aPROPERTY-COMMERCIAL PROPERTY-COMMERCIAL PROPERTY MARKET
700 1 _aElghamry, Nadia
700 1 _aHalstead, Ian
700 1 _aGreenshields, Claire
942 _n0
999 _c77302
_d77302